000 00629nam a2200253Ia 4500
003 IT-RoPAU
008 120407s9999 xx 000 0 und d
040 _aIT-RoPAU
040 _cIT-RoPAU
041 _aita
100 _aHerbert Vorgrimler
100 _ccoll.
245 _aSentire Ecclesiam. La coscienza della Chiesa come forza plasmatrice della pietà.
250 _aRoma
260 _aEdizioni Paoline
260 _c1964
300 _c18 cm
490 _aBibl. cultura religiosa
490 _v149
600 _a"1° v. 741 p. 2° v. 756 p."
700 _aJean Daniélou
942 _cBK
999 _c23625
_d23625